000 00468cam a2200181ua 4500
001 2254
008 110806n ii |||gr||||Z||||||eng
040 _cMAIN
082 _a370
100 _aBandyapadhyya, Goramohan,
_eAuthor.
245 1 _aUnnat siksha tattva
_cby Goramohan Bandyapadhyya
250 _a1st.
260 _aKolkata:
_bModern book agency pvt. ltd.,963.
300 _a426p:
_c23cm.
653 _aEducation
653 _aUnnat siksha tattva
942 _cBK
999 _c2121
_d2121